Longest Away Journeys in European Football 2025/2026 - Statistics

General Stats
  • This quiz has been taken 11 times
  • The average score is 11 of 101
Answer Stats
Nation Distance (miles) Clubs % Correct
England 360 Bournemouth
78%
England 360 Newcastle
78%
Scotland 169 Aberdeen
67%
Germany 477 Bayern Munich
44%
France 905 Brest
44%
Germany 477 Hamburg
44%
France 905 Monaco
44%
Spain 805 Celta Vigo
33%
Belgium 121 Club Brugge
33%
Denmark 208 Copenhagen
33%
Ireland 306 Cork
33%
Netherlands 195 Groningen
33%
Italy 727 Juventus
33%
Italy 727 Lecce
33%
Spain 805 Mallorca
33%
Austria 390 Austria Wien
22%
Portugal 952 Braga
22%
Belgium 121 Cercle Brugge
22%
Ireland 306 Derry
22%
Croatia 426 Hajduk Split
22%
Greece 571 OFI Crete
22%
Portugal 952 Santa Clara
22%
Switzerland 224 St Gallen
22%
Northern Ireland 71 Coleraine
11%
Georgia 283 Dinamo Batumi
11%
Cyprus 111 Enosis Neon Paralimni
11%
Netherlands 195 Fortuna Sittard
11%
Israel 167 Hapoel Be'er Sheva
11%
Scotland 169 Kilmarnock
11%
Slovenia 285 Koper
11%
Sweden 426 Malmo
11%
Finland 501 Mariehamn
11%
Slovenia 285 Mura
11%
Finland 501 Oulu
11%
Cyprus 111 Pafos
11%
Northern Ireland 71 Portadown
11%
Austria 390 Rheindorf Altach
11%
Switzerland 224 Servette
11%
Moldova 119 Sheriff Tiraspol
11%
Armenia 260 Shirak
11%
Slovakia 476 Slovan Bratislava
11%
Belgium 121 Standard Liege
11%
Georgia 283 Telavi
11%
Norway 1348 Tromso
11%
Lithuania 182 Žalgiris
11%
Azerbaijan 375 Zira
11%
Romania 513 Arad
0%
Azerbaijan 375 Araz-Naxçıvan
0%
Kazakhstan 1895 Atyrau
0%
Moldova 119 Bălți
0%
Russia 1949 Baltika
0%
Lithuania 182 Banga Gargždai
0%
Wales 222 Barry
0%
Norway 1348 Bryne
0%
Bulgaria 318 Cherno More
0%
Wales 222 Connah's Quay
0%
Latvia 265 Daugavpils
0%
Kosovo 62 Drita
0%
Kosovo 62 Dukagjini
0%
Belarus 394 Dynamo Brest
0%
Russia 1949 Dynamo Makhachkala
0%
Faroe Islands 72 EB/Streymur
0%
Romania 513 Farul
0%
Albania 143 Flamurtari
0%
Wales 222 Flint
0%
Armenia 260 Gandzasar Kapan
0%
Kosovo 62 Gjilani
0%
Turkey 945 Goztepe
0%
Israel 167 Hapoel Ironi Kiryat Shmona
0%
Iceland 547 IBV
0%
Poland 473 Jagiellonia Białystok
0%
Montenegro 97 Jedinstvo
0%
Montenegro 97 Jezero
0%
Czechia 310 Karviná
0%
Hungary 332 Kisvárda
0%
Estonia 432 Kuressaare
0%
Latvia 265 Liepāja
0%
Belarus 394 Maxline Vitebsk
0%
Estonia 432 Narva Trans
0%
Croatia 426 Osijek
0%
Greece 571 Panserraikos
0%
Poland 473 Pogon Szczecin
0%
Bosnia 200 Posušje
0%
Bosnia 200 Radnik Bijeljina
0%
Serbia 318 Radnik Surdulica
0%
Lithuania 182 Riteriai
0%
Turkey 945 Rizespor
0%
North Macedonia 167 Sileks
0%
Sweden 426 Sirius
0%
Bulgaria 318 Slavia Sofia
0%
Serbia 318 Spartak Subotica
0%
North Macedonia 167 Struga
0%
Faroe Islands 72 Suðuroy
0%
Czechia 310 Teplice
0%
Iceland 547 Vestri
0%
Denmark 208 Viborg
0%
Belarus 394 Vitebsk
0%
Albania 143 Vllaznia Shkodër
0%
Hungary 332 Zalaegerszegi
0%
Slovakia 476 Zemplín Michalovce
0%
Kazakhstan 1895 Zhetysu
0%
No matching quizzes found
Score Distribution
Percent of People with Each Score
Percentile by Number Answered
Your Score History
You have not taken this quiz